Normal view MARC view

Entry Personal Name

Number of records used in: 3

001 - CONTROL NUMBER

  • control field: 161436

003 - CONTROL NUMBER IDENTIFIER

  • control field: OSt

005 - DATE AND TIME OF LATEST TRANSACTION

  • control field: 20220923211744.0

008 - FIXED-LENGTH DATA ELEMENTS

  • fixed length control field: 220923|| aca||aabn | a|a d

040 ## - CATALOGING SOURCE

  • Original cataloging agency: OSt
  • Transcribing agency: OSt

100 ## - HEADING--PERSONAL NAME

  • Personal name: मीमांसक, युधिष्ठिर, व्याख्या

670 ## - SOURCE DATA FOUND

  • Source citation: Work cat.: (OSt)303216: मीमांसक, युधिष्ठिर, व्याख्या, महाभाष्यम्, 1962
Copyright @ Delhi University Library System